The home buyer's guide (Record no. 105072)
[ view plain ]
| 000 -LEADER | |
|---|---|
| fixed length control field | 00927cam a2200205 4500 |
| 001 - CONTROL NUMBER | |
| control field | ##L132261 |
| 008 - FIXED-LENGTH DATA ELEMENTS--GENERAL INFORMATION | |
| fixed length control field | 060123n2004 000 0 eng u |
| 020 ## - INTERNATIONAL STANDARD BOOK NUMBER | |
| International Standard Book Number | 1904772099 |
| 035 ## - SYSTEM CONTROL NUMBER | |
| System control number | (Sirsi) u132261 |
| 050 04 - LIBRARY OF CONGRESS CALL NUMBER | |
| Classification number | 333.33 $2 18 |
| 100 1# - MAIN ENTRY--PERSONAL NAME | |
| Personal name | Ely, Alex |
| 245 04 - TITLE STATEMENT | |
| Title | The home buyer's guide |
| Remainder of title | what to look and ask for when buying a new home |
| 260 ## - PUBLICATION, DISTRIBUTION, ETC. | |
| Place of publication, distribution, etc. | London |
| Name of publisher, distributor, etc. | Black Dog Publishing |
| Place of publication, distribution, etc. | London |
| Name of publisher, distributor, etc. | CABE |
| Date of publication, distribution, etc. | 2004 |
| 300 ## - PHYSICAL DESCRIPTION | |
| Extent | 110p |
| Other physical details | ill |
| Dimensions | 22cm. |
| 350 ## - PRICE (NR) (BK AM CF MU VM SE) [OBSOLETE] | |
| Price | 7.99 |
| 520 ## - SUMMARY, ETC. | |
| Summary, etc. | Includes expert advice on architecture, neighbourhoods and interior design. Gives insights into the best use of space and effective home planning. Details questions to be asked and things to look out for. Provides case studies that demonstrate the benefits of good design and a glossary of estate agency jargon. |
| 651 #4 - SUBJECT ADDED ENTRY--GEOGRAPHIC NAME | |
| Geographic name | United Kingdom |
| Chronological subdivision | |
| 690 ## - LOCAL SUBJECT ADDED ENTRY--TOPICAL TERM (OCLC, RLIN) | |
| Topical term or geographic name as entry element | PROPERTY-RESIDENTIAL PROPERTY-ACQUISITION AND DISPOSAL OF RESIDENTIAL PROPERTY |
| 942 ## - ADDED ENTRY ELEMENTS (KOHA) | |
| Suppress in OPAC | 0 |
| Withdrawn status | Lost status | Source of classification or shelving scheme | Damaged status | Not for loan | Home library | Current library | Shelving location | Date acquired | Total Checkouts | Full call number | Barcode | Date last seen | Copy number | Price effective from | Koha item type |
|---|---|---|---|---|---|---|---|---|---|---|---|---|---|---|---|
| Dewey Decimal Classification | London | London | Books | 21/06/2006 | 333.33 ELY | 30072401 | 06/08/2019 | 1 | 06/08/2019 | Book |